[Event "VIII Festival A"]
[Site "Verona ITA"]
[Date "2002.01.03"]
[Round "2"]
[White "Giretti Kanev, Jasen"]
[Black "Martorelli, Antonio"]
[Result "1-0"]
[WhiteElo "2199"]
[BlackElo "2262"]
[PlyCount "87"]
[EventDate "2002.01.02"]

1.Nf3 Nf6 2.g3 g6 3.Bg2 Bg7 4.d4 O-O 5.O-O d6 6.c4 Nbd7 7.Nc3 e5 8.e3 c6 
9.dxe5 dxe5 10.b4 e4 11.Nd4 a5 12.b5 c5 13.Nb3 Qe7 14.Rb1 Nb6 15.Ba3 Qe5 
16.Bxc5 Bg4 17.Qd4 Qh5 18.Bxf8 Rxf8 19.Qxb6 Nd7 20.Qxb7 Bxc3 21.Qxe4 Bf5 
22.Qf3 Qxf3 23.Bxf3 Bxb1 24.Rxb1 Rc8 25.Bc6 Ne5 26.Rc1 Bb4 27.Nd4 Bc5 28.
Kf1 Nd3 29.Rc2 a4 30.Ke2 Nb4 31.Rd2 a3 32.Nb3 Nxc6 33.bxc6 Bb4 34.Rc2 Rxc6
35.c5 Rc8 36.Kd3 Rb8 37.Nd4 Be1 38.Rc1 Bxf2 39.c6 Re8 40.c7 Rxe3+ 41.Kd2 
Re8 42.c8=Q Rxc8 43.Rxc8+ Kg7 44.Nb5 1-0

[Event "VIII Festival A"]
[Site "Verona ITA"]
[Date "2002.01.03"]
[Round "2"]
[White "Godena, Michele"]
[Black "Mrdja, Milan"]
[Result "1-0"]
[WhiteElo "2487"]
[BlackElo "2399"]
[PlyCount "67"]
[EventDate "2002.01.02"]

1.e4 c5 2.c3 Nf6 3.e5 Nd5 4.Nf3 e6 5.d4 cxd4 6.cxd4 d6 7.Bc4 Nb6 8.Bd3 
dxe5 9.dxe5 Bd7 10.O-O Bc6 11.Nc3 N8d7 12.Qe2 Be7 13.Rd1 Qb8 14.Bf4 O-O 
15.Ne4 Nd5 16.Bg3 Qd8 17.h4 Nc5 18.Nxc5 Bxc5 19.Qc2 Qe7 20.Bxh7+ Kh8 21.
Be4 f5 22.exf6 gxf6 23.Rac1 Bb6 24.Qe2 Qg7 25.Nd4 Bxd4 26.Rxd4 Qh6 27.Re1 
Rae8 28.Bc2 e5 29.Rg4 Nf4 30.Bxf4 exf4 31.Qd2 Rxe1+ 32.Qxe1 f3 33.Rg6 Qxh4
34.Qe3 1-0

[Event "VIII Festival A"]
[Site "Verona ITA"]
[Date "2002.01.03"]
[Round "2"]
[White "Janev, Evgeni"]
[Black "Berni, Giorgio"]
[Result "1-0"]
[WhiteElo "2498"]
[BlackElo "2160"]
[PlyCount "97"]
[EventDate "2002.01.02"]

1.e4 c5 2.Nf3 d6 3.d4 Nf6 4.Nc3 cxd4 5.Nxd4 e6 6.g3 Be7 7.Bg2 a6 8.a4 O-O 
9.O-O Nc6 10.Nb3 Na5 11.g4 Nd7 12.f4 Nxb3 13.cxb3 Qb6+ 14.Kh1 Nc5 15.Be3 
Qxb3 16.Qe2 Bd7 17.Ra3 Qb6 18.a5 Qb4 19.Rd1 Nb3 20.Na2 Qb5 21.Qxb5 Bxb5 
22.Rxb3 Ba4 23.Rdd3 Bxb3 24.Rxb3 Bd8 25.Rxb7 Bxa5 26.b4 Bd8 27.Bf1 a5 28.
b5 Rc8 29.Bd3 d5 30.exd5 exd5 31.Kg2 Re8 32.Kf3 Be7 33.Rd7 Bc5 34.Bd2 d4 
35.Be4 g6 36.Bc6 Re6 37.f5 gxf5 38.gxf5 Re5 39.Rd5 Rxd5 40.Bxd5 Bb6 41.Bc6
Kg7 42.Bg5 f6 43.Bd2 Rc7 44.Bf4 Re7 45.Be4 Kf7 46.Nc1 a4 47.Nd3 Ba5 48.Bd6
Rd7 49.Bc5 1-0

[Event "VIII Festival A"]
[Site "Verona ITA"]
[Date "2002.01.03"]
[Round "2"]
[White "Medancic, Rikard"]
[Black "Castaldo, Folco"]
[Result "0-1"]
[WhiteElo "2260"]
[BlackElo "2295"]
[PlyCount "136"]
[EventDate "2002.01.02"]

1.b3 c5 2.Bb2 b6 3.f4 Bb7 4.e3 Nf6 5.Nf3 e6 6.Be2 Be7 7.O-O O-O 8.Qe1 Nd5 
9.c4 Bf6 10.Nc3 Nxc3 11.Bxc3 Bxc3 12.dxc3 Qf6 13.Rd1 Rd8 14.Rd6 Nc6 15.Qd2
Qe7 16.e4 Nd4 17.Rxd4 cxd4 18.Qxd4 Qc5 19.Bd3 Rac8 20.b4 Qxd4+ 21.cxd4 Ba6
22.b5 Bb7 23.Rc1 d5 24.exd5 Bxd5 25.Nd2 Bxg2 26.Nb3 Bb7 27.Kf2 Kf8 28.Ke3 
Ke7 29.f5 g6 30.fxe6 fxe6 31.a4 a6 32.c5 axb5 33.axb5 Bd5 34.Nd2 e5 35.
dxe5 Rxc5 36.Ra1 Ra8 37.Ra6 Rxa6 38.bxa6 Ra5 39.Kd4 Ke6 40.Nb1 Ra4+ 41.Ke3
Kxe5 42.Nc3 Ra3 43.Kd2 Bc6 44.Kc2 Kd4 45.Ne2+ Kc5 46.Nc1 b5 47.h4 Rxa6 48.
Kc3 Bd5 49.Kb2 Ra4 50.h5 gxh5 51.Bxh7 Kd4 52.Ne2+ Ke3 53.Nc3 Rb4+ 54.Kc2 
Rc4 55.Kb3 Rd4+ 56.Kc2 b4 57.Na4 h4 58.Bf5 Rd2+ 59.Kc1 Rf2 60.Bd7 b3 61.
Nb2 Rc2+ 62.Kb1 Be4 63.Nd1+ Kd2 64.Bg4 Rc1+ 65.Kb2 Rb1+ 66.Ka3 Rxd1 67.Ka4
b2 68.Bxd1 Kxd1 0-1

[Event "VIII Festival A"]
[Site "Verona ITA"]
[Date "2002.01.03"]
[Round "2"]
[White "Mussanti, Diego"]
[Black "Popa, Florin"]
[Result "1-0"]
[WhiteElo "2281"]
[BlackElo "2215"]
[PlyCount "49"]
[EventDate "2002.01.02"]

1.e4 e5 2.Nf3 Nc6 3.d4 exd4 4.Nxd4 Bc5 5.Be3 Qf6 6.c3 Nge7 7.Bc4 Ne5 8.Be2
Qg6 9.O-O d6 10.Kh1 O-O 11.Nd2 Ng4 12.Bf4 Nc6 13.f3 Nge5 14.Nxc6 Nxc6 15.
Nc4 a5 16.Ne3 Ne7 17.g4 Qf6 18.Nf5 g5 19.Bd2 Bxf5 20.exf5 Rae8 21.f4 gxf4 
22.Bxf4 Nd5 23.Qxd5 Rxe2 24.Rae1 Qe7 25.f6 1-0

[Event "VIII Festival A"]
[Site "Verona ITA"]
[Date "2002.01.03"]
[Round "2"]
[White "Palac, Mladen"]
[Black "Ivanov, Jordan"]
[Result "1/2-1/2"]
[WhiteElo "2580"]
[BlackElo "2410"]
[PlyCount "81"]
[EventDate "2002.01.02"]

1.e4 c5 2.Nf3 e6 3.d4 cxd4 4.Nxd4 a6 5.Bd3 Nc6 6.Nxc6 dxc6 7.O-O e5 8.Nd2 
Be6 9.Nc4 Bxc4 10.Bxc4 Qxd1 11.Rxd1 Nf6 12.f3 Bc5+ 13.Kf1 Ke7 14.Bg5 Rad8 
15.Ke2 h6 16.Bh4 g5 17.Bg3 Nd7 18.h4 Kf6 19.Rh1 Be7 20.Rad1 Nc5 21.Bf2 Ne6
22.Bb6 Rxd1 23.hxg5+ hxg5 24.Rxd1 Bd8 25.Be3 Ke7 26.Kf2 f6 27.g3 Bc7 28.
Kg2 Bd6 29.Bd2 Bc5 30.Ba5 Bd4 31.Bb4+ Bc5 32.Ba5 Bd4 33.b3 Bc5 34.Be1 Bd6 
35.c3 b5 36.Bf1 Bc5 37.a4 Rd8 38.Ra1 Be3 39.axb5 axb5 40.Be2 Nc5 41.Ra7+ 
1/2-1/2

[Event "VIII Festival A"]
[Site "Verona ITA"]
[Date "2002.01.03"]
[Round "2"]
[White "Piantoni, Roberto"]
[Black "Del Monaco, Andrea"]
[Result "0-1"]
[WhiteElo "2174"]
[BlackElo "2192"]
[PlyCount "54"]
[EventDate "2002.01.02"]

1.d4 Nf6 2.Nf3 g6 3.Bg5 Bg7 4.Nbd2 O-O 5.c3 d6 6.e3 Nbd7 7.b4 Qe8 8.Be2 e5
9.O-O h6 10.Bh4 g5 11.Bg3 Nh5 12.Ne1 Nxg3 13.hxg3 Nf6 14.a4 Nd5 15.Qb3 
Nxc3 16.Qxc3 exd4 17.Qxc7 dxe3 18.Bb5 Qe6 19.Rd1 e2 20.Bxe2 Qxe2 21.Nef3 
d5 22.Nb3 Qc4 23.Qxc4 dxc4 24.Na5 c3 25.Nb3 Bf5 26.Nbd4 Bg6 27.Nb5 Rad8 
0-1

[Event "VIII Festival A"]
[Site "Verona ITA"]
[Date "2002.01.03"]
[Round "2"]
[White "Rossi, Carlo"]
[Black "Piscopo, Pierluigi"]
[Result "0-1"]
[WhiteElo "2355"]
[BlackElo "2256"]
[PlyCount "68"]
[EventDate "2002.01.02"]

1.d4 c5 2.d5 g6 3.e4 d6 4.f4 Bg7 5.Nf3 Nf6 6.Nc3 O-O 7.e5 Ne8 8.Bd3 Nd7 9.
e6 fxe6 10.Ng5 Ndf6 11.dxe6 d5 12.f5 c4 13.Bxc4 Qb6 14.Bd3 Nd6 15.Rf1 gxf5
16.Bd2 h6 17.Nf7 Nxf7 18.exf7+ Rxf7 19.Qe2 e6 20.O-O-O Bd7 21.Rf4 d4 22.
Nb1 Nd5 23.Na3 Rc8 24.Rh4 Ne3 25.b3 Qc5 26.b4 Qe5 27.Re1 f4 28.Rh5 Qf6 29.
b5 Be8 30.Qf3 Re7 31.g3 Bg6 32.Kb1 Rxc2 33.Nxc2 Bxd3 34.Bxe3 dxe3 0-1

[Event "VIII Festival A"]
[Site "Verona ITA"]
[Date "2002.01.03"]
[Round "3"]
[White "Berni, Giorgio"]
[Black "Ferretti, Folco"]
[Result "1/2-1/2"]
[WhiteElo "2160"]
[BlackElo "2286"]
[PlyCount "27"]
[EventDate "2002.01.02"]

1.e4 e5 2.Nf3 Nc6 3.Bb5 Nf6 4.O-O Nxe4 5.d4 Nd6 6.Bxc6 dxc6 7.dxe5 Nf5 8.
Qxd8+ Kxd8 9.b3 Bd7 10.Rd1 Kc8 11.c4 h6 12.Bb2 a5 13.Nc3 Be7 14.a4 1/2-1/2

[Event "VIII Festival A"]
[Site "Verona ITA"]
[Date "2002.01.03"]
[Round "3"]
[White "Castaldo, Folco"]
[Black "Mukic, Josko"]
[Result "1/2-1/2"]
[WhiteElo "2295"]
[BlackElo "2379"]
[PlyCount "40"]
[EventDate "2002.01.02"]

1.d4 Nf6 2.c4 e5 3.dxe5 Ng4 4.Bf4 Bb4+ 5.Nd2 Nc6 6.Nf3 Qe7 7.a3 Ngxe5 8.
Nxe5 Nxe5 9.e3 Bxd2+ 10.Qxd2 d6 11.Be2 b6 12.O-O Bb7 13.b4 O-O 14.Rac1 
Rad8 15.Qb2 Ng6 16.Bg3 Nh4 17.Bxh4 Qxh4 18.Rfd1 Qg5 19.Bf1 c5 20.Rd2 f5 
1/2-1/2

[Event "VIII Festival A"]
[Site "Verona ITA"]
[Date "2002.01.03"]
[Round "3"]
[White "Del Monaco, Andrea"]
[Black "Palac, Mladen"]
[Result "0-1"]
[WhiteElo "2192"]
[BlackElo "2580"]
[PlyCount "88"]
[EventDate "2002.01.02"]

1.e4 c5 2.Nf3 d6 3.d4 cxd4 4.Nxd4 Nf6 5.Nc3 a6 6.Be3 e5 7.Nb3 Be6 8.f3 Be7
9.Qd2 O-O 10.O-O-O Nbd7 11.g4 b5 12.Qf2 Qc7 13.g5 Nh5 14.Qh4 g6 15.Bh3 Nb6
16.Kb1 Nc4 17.Bc1 Na3+ 18.bxa3 Qxc3 19.Rd3 Qc7 20.Bxe6 fxe6 21.Qg4 Ng7 22.
Rhd1 Rfc8 23.R1d2 a5 24.Bb2 Qb7 25.h4 b4 26.a4 Qc6 27.f4 Qxe4 28.Re2 Qh1+ 
29.Nc1 Rc4 30.Rh3 Rxf4 31.Qxf4 Qxh3 32.Qe4 Rf8 33.Qb7 Nf5 34.Qd7 Qxh4 35.
Qxe6+ Rf7 36.Nd3 Bxg5 37.Re1 Kg7 38.Qd5 Bf6 39.Rh1 Ne3 40.Qf3 e4 41.Bxf6+ 
Rxf6 42.Rxh4 exf3 43.Nf2 h5 44.Kc1 Ng4 0-1

[Event "VIII Festival A"]
[Site "Verona ITA"]
[Date "2002.01.03"]
[Round "3"]
[White "Guido, Flavio"]
[Black "Piantoni, Roberto"]
[Result "1/2-1/2"]
[WhiteElo "2351"]
[BlackElo "2174"]
[PlyCount "99"]
[EventDate "2002.01.02"]

1.e4 Nf6 2.e5 Nd5 3.d4 d6 4.Nf3 g6 5.Bc4 Nb6 6.Bb3 Bg7 7.a4 a5 8.Qe2 Nc6 
9.O-O O-O 10.h3 dxe5 11.dxe5 Nd4 12.Nxd4 Qxd4 13.Re1 Be6 14.Nc3 Bxb3 15.
cxb3 Nd5 16.Bd2 Rad8 17.Rad1 Qb6 18.Qc4 c6 19.Bg5 Nxc3 20.bxc3 Rxd1 21.
Rxd1 Rd8 22.Re1 Rd5 23.Bxe7 Rxe5 24.Rxe5 Bxe5 25.Qd3 Kg7 26.c4 Bd4 27.Bh4 
Qc5 28.Kf1 Qe5 29.Bg3 Qf6 30.Qe4 Ba1 31.Bc7 Bc3 32.Ke2 Qg5 33.Qe3 Qf6 34.
Kd3 Kg8 35.Kc2 Bd4 36.Qe8+ Kg7 37.f3 Qf5+ 38.Qe4 Qc5 39.Bxa5 Bf6 40.Bd2 
Qa3 41.Qd3 Qb2+ 42.Kd1 Qa1+ 43.Bc1 Bg5 44.Qc2 Qd4+ 45.Ke2 Qg1 46.Qc3+ f6 
47.f4 Qxg2+ 48.Ke1 Qg1+ 49.Ke2 Qg2+ 50.Ke1 1/2-1/2

[Event "VIII Festival A"]
[Site "Verona ITA"]
[Date "2002.01.03"]
[Round "3"]
[White "Ivanov, Jordan"]
[Black "Borgo, Giulio"]
[Result "1/2-1/2"]
[WhiteElo "2410"]
[BlackElo "2417"]
[PlyCount "23"]
[EventDate "2002.01.02"]

1.d4 d5 2.c4 e6 3.Nc3 c6 4.e3 Nf6 5.Nf3 Nbd7 6.Qc2 Bd6 7.Be2 dxc4 8.Bxc4 
O-O 9.O-O b5 10.Be2 Bb7 11.b3 a6 12.Ne4 1/2-1/2

[Event "VIII Festival A"]
[Site "Verona ITA"]
[Date "2002.01.03"]
[Round "3"]
[White "Manca, Federico"]
[Black "Giretti Kanev, Jasen"]
[Result "1/2-1/2"]
[WhiteElo "2358"]
[BlackElo "2199"]
[PlyCount "33"]
[EventDate "2002.01.02"]

1.e4 e5 2.Nf3 Nf6 3.Nxe5 d6 4.Nf3 Nxe4 5.d4 d5 6.Bd3 Nc6 7.O-O Be7 8.c4 
Nb4 9.Be2 O-O 10.Nc3 Bf5 11.a3 Nxc3 12.bxc3 Nc6 13.Bf4 Be6 14.c5 b6 15.Qa4
Na5 16.Ne5 c6 17.Nxc6 1/2-1/2

[Event "VIII Festival A"]
[Site "Verona ITA"]
[Date "2002.01.03"]
[Round "3"]
[White "Martorelli, Antonio"]
[Black "Medancic, Rikard"]
[Result "1/2-1/2"]
[WhiteElo "2262"]
[BlackElo "2260"]
[PlyCount "30"]
[EventDate "2002.01.02"]

1.e4 e5 2.Nf3 Nc6 3.Bb5 a6 4.Ba4 d6 5.c3 Bd7 6.d4 Nge7 7.Be3 h6 8.Nbd2 Ng6
9.d5 Nb8 10.Bxd7+ Nxd7 11.h4 Be7 12.g3 Ngf8 13.Qe2 Nf6 14.h5 N6d7 15.O-O-O
Qc8 1/2-1/2

[Event "VIII Festival A"]
[Site "Verona ITA"]
[Date "2002.01.03"]
[Round "3"]
[White "Ortega, Lexy"]
[Black "Godena, Michele"]
[Result "1/2-1/2"]
[WhiteElo "2481"]
[BlackElo "2487"]
[PlyCount "24"]
[EventDate "2002.01.02"]

1.d4 d5 2.c4 c6 3.Nf3 Nf6 4.Nc3 e6 5.e3 Nbd7 6.Bd3 Bd6 7.e4 dxe4 8.Nxe4 
Nxe4 9.Bxe4 e5 10.O-O exd4 11.Qxd4 Qf6 12.Be3 Qxd4 1/2-1/2

[Event "VIII Festival A"]
[Site "Verona ITA"]
[Date "2002.01.03"]
[Round "3"]
[White "Piscopo, Pierluigi"]
[Black "Mussanti, Diego"]
[Result "1-0"]
[WhiteElo "2256"]
[BlackElo "2281"]
[PlyCount "45"]
[EventDate "2002.01.02"]

1.e4 c5 2.Nc3 Nc6 3.Nf3 e6 4.d4 cxd4 5.Nxd4 d6 6.Bc4 Nf6 7.Be3 Be7 8.Qe2 
a6 9.O-O-O Qc7 10.Bb3 O-O 11.g4 Nxd4 12.Rxd4 Nd7 13.g5 Nc5 14.Rg1 Re8 15.
e5 dxe5 16.Rh4 g6 17.Bxc5 Qxc5 18.Ne4 Qc7 19.Nf6+ Bxf6 20.gxf6 Qd8 21.Qxe5
Bd7 22.Rf4 Bc6 23.Qh5 1-0

[Event "VIII Festival A"]
[Site "Verona ITA"]
[Date "2002.01.03"]
[Round "3"]
[White "Popa, Florin"]
[Black "Rossi, Carlo"]
[Result "0-1"]
[WhiteElo "2215"]
[BlackElo "2355"]
[PlyCount "74"]
[EventDate "2002.01.02"]

1.e4 c6 2.d4 d5 3.Nd2 g6 4.e5 c5 5.dxc5 Nc6 6.Bb5 Qa5 7.Qe2 Bd7 8.c3 a6 9.
Bxc6 Bxc6 10.Nb3 Qc7 11.Nd4 Bd7 12.e6 fxe6 13.Ngf3 Nf6 14.Nxe6 Qc8 15.Nxf8
Rxf8 16.Be3 Bb5 17.Qd2 Qg4 18.O-O-O Qxg2 19.Ng5 Qg4 20.Qd4 Qf5 21.Qf4 Bd7 
22.Qc7 Rc8 23.Qxb7 h6 24.Rhg1 hxg5 25.Rxg5 Qe4 26.Rd4 Qh1+ 27.Rd1 Qxh2 28.
Rxg6 Qe5 29.Rdg1 Bf5 30.R6g5 Qe4 31.Rxf5 Qxf5 32.c6 Kf7 33.Bc5 Qf4+ 34.Kb1
Qe4+ 35.Ka1 Rg8 36.Rc1 Rb8 37.Qxa6 Qc2 0-1

[Event "VIII Festival A"]
[Site "Verona ITA"]
[Date "2002.01.03"]
[Round "3"]
[White "Zelcic, Robert"]
[Black "Janev, Evgeni"]
[Result "1/2-1/2"]
[WhiteElo "2544"]
[BlackElo "2498"]
[PlyCount "125"]
[EventDate "2002.01.02"]

1.e4 Nf6 2.Nc3 e5 3.Nf3 d6 4.d4 Nbd7 5.Bc4 Be7 6.O-O O-O 7.Re1 c6 8.a4 b6 
9.h3 a6 10.Bg5 Rb8 11.Bf1 Re8 12.dxe5 dxe5 13.Nh4 h6 14.Be3 Nc5 15.Qf3 b5 
16.axb5 axb5 17.Rad1 Qc7 18.Nf5 Bxf5 19.exf5 e4 20.Qf4 Qxf4 21.Bxf4 Ra8 
22.Be3 Bf8 23.Ne2 Nd5 24.Nd4 Nxe3 25.Rxe3 Red8 26.Be2 Rac8 27.g4 Be7 28.
Nb3 Rxd1+ 29.Bxd1 Rd8 30.Be2 Nxb3 31.cxb3 Rd4 32.Bf1 Bg5 33.Rc3 Rd6 34.Kg2
Kf8 35.Kg3 Bf6 36.Rc2 Be5+ 37.f4 exf3+ 38.Kxf3 Ke7 39.Ke2 Kd7 40.Bg2 Kc7 
41.Be4 Kb6 42.b4 Bf6 43.b3 Be7 44.Kf3 g5 45.Ke3 Rf6 46.Rd2 Bxb4 47.Rd7 Bd6
48.Kd4 Bf4 49.Kc3 Be5+ 50.Kc2 Kc5 51.Rd8 Kb4 52.Rc8 Kc5 53.Rd8 Bc7 54.Rc8 
Ba5 55.Ra8 Bc7 56.Ra6 b4 57.Ra7 Kb6 58.Ra8 Rd6 59.Rf8 f6 60.Bd3 Kc5 61.Rh8
Kd4 62.Re8 Kc5 63.Re7 1/2-1/2

[Event "VIII Festival A"]
[Site "Verona ITA"]
[Date "2002.01.04"]
[Round "4"]
[White "Borgo, Giulio"]
[Black "Manca, Federico"]
[Result "1/2-1/2"]
[WhiteElo "2417"]
[BlackElo "2358"]
[PlyCount "35"]
[EventDate "2002.01.02"]

1.Nf3 Nf6 2.g3 g6 3.b3 Bg7 4.Bb2 c5 5.Bg2 d5 6.d4 Ne4 7.c4 dxc4 8.O-O c3 
9.Nxc3 Nxc3 10.Bxc3 Nc6 11.d5 Bxc3 12.Rc1 Bb2 13.Rc2 Nd4 14.Rxb2 Nxf3+ 15.
Bxf3 O-O 16.Qc1 Qd6 17.Rc2 b6 18.Rc4 1/2-1/2

[Event "VIII Festival A"]
[Site "Verona ITA"]
[Date "2002.01.04"]
[Round "4"]
[White "Giretti Kanev, Jasen"]
[Black "Castaldo, Folco"]
[Result "0-1"]
[WhiteElo "2199"]
[BlackElo "2295"]
[PlyCount "124"]
[EventDate "2002.01.02"]

1.e4 e6 2.d3 c5 3.Nf3 b6 4.Nc3 Bb7 5.Bg5 Be7 6.Qd2 Nc6 7.Nb5 d6 8.Bxe7 
Ngxe7 9.Qf4 e5 10.Qg5 O-O 11.Be2 f6 12.Qd2 d5 13.O-O d4 14.Nh4 g5 15.Nf3 
Bc8 16.h4 h6 17.hxg5 hxg5 18.Nxg5 fxg5 19.Qxg5+ Kh7 20.Bh5 Rg8 21.Qh4 Ng6 
22.Bxg6+ Kxg6 23.Qxd8 Rxd8 24.f4 Bg4 25.Nc7 Rac8 26.Nd5 Rxd5 27.exd5 Nb4 
28.fxe5 Nxd5 29.Rae1 Ne3 30.Rf6+ Kg5 31.c3 Re8 32.cxd4 cxd4 33.Rd6 Be6 34.
Rc1 Bd5 35.Rc7 Rxe5 36.Rg7+ Kf5 37.Rxa7 Kf4 38.Rf6+ Nf5 39.Kf2 Re3 40.Rd7 
Bxa2 41.Rxd4+ Ke5 42.Rb4 Kxf6 43.g4 Rxd3 44.gxf5 Rb3 45.Ra4 Rxb2+ 46.Ke3 
b5 47.Ra5 Kxf5 48.Kd4 Bc4 49.Ra8 Rb3 50.Kc5 Ke4 51.Rh8 Kd3 52.Rh3+ Kc2 53.
Rh2+ Kc3 54.Rh3+ Kb2 55.Rh8 Kc3 56.Rh3+ Bd3 57.Rh4 Rb1 58.Rh8 b4 59.Kb6 b3
60.Rc8+ Bc4 61.Kc5 Rh1 62.Rg8 Bxg8 0-1

[Event "VIII Festival A"]
[Site "Verona ITA"]
[Date "2002.01.04"]
[Round "4"]
[White "Godena, Michele"]
[Black "Zelcic, Robert"]
[Result "1/2-1/2"]
[WhiteElo "2487"]
[BlackElo "2544"]
[PlyCount "119"]
[EventDate "2002.01.02"]

1.e4 c6 2.d4 d5 3.Nd2 dxe4 4.Nxe4 Bf5 5.Ng3 Bg6 6.Bc4 e6 7.Nf3 Bd6 8.O-O 
Nf6 9.Re1 O-O 10.c3 Nbd7 11.Ne5 Qc7 12.Qe2 c5 13.Bb3 cxd4 14.cxd4 Bb4 15.
Rd1 Nd5 16.Nxg6 hxg6 17.Bxd5 exd5 18.Qb5 a5 19.Qxd5 a4 20.Qb5 Bd6 21.Bd2 
Nf6 22.Rac1 Qb8 23.d5 a3 24.b3 Ra6 25.Rc4 Re8 26.Re1 Rxe1+ 27.Bxe1 Bxg3 
28.hxg3 Qe5 29.Bc3 Qxd5 30.Qxd5 Nxd5 31.Bd2 f6 32.Rd4 Ne7 33.Rd7 Nf5 34.g4
Nh4 35.Rxb7 Rc6 36.Ra7 Rc2 37.Bb4 Rxa2 38.Ra8+ Kf7 39.Rxa3 Rb2 40.Bc3 Rb1+
41.Kh2 g5 42.g3 Ng6 43.Ra7+ Ke6 44.Rb7 Ne7 45.Kg2 Nd5 46.Bd4 g6 47.Bc5 f5 
48.gxf5+ gxf5 49.b4 g4 50.b5 Nf6 51.b6 Nd7 52.Bd4 Rb4 53.Be3 Rb1 54.Rc7 
Ne5 55.Rc1 Rb4 56.Kf1 Kd5 57.Rd1+ Ke6 58.Bc5 Rb5 59.Rd6+ Kf7 60.Rd5 
1/2-1/2

[Event "VIII Festival A"]
[Site "Verona ITA"]
[Date "2002.01.04"]
[Round "4"]
[White "Janev, Evgeni"]
[Black "Ivanov, Jordan"]
[Result "1-0"]
[WhiteElo "2498"]
[BlackElo "2410"]
[PlyCount "49"]
[EventDate "2002.01.02"]

1.e4 c5 2.Nf3 Nc6 3.Bb5 d6 4.O-O Bd7 5.c3 Nf6 6.Re1 e6 7.d4 cxd4 8.cxd4 d5
9.exd5 Nxd5 10.Nc3 Nxc3 11.bxc3 Be7 12.Qe2 a6 13.Bd3 O-O 14.h4 Qa5 15.Rb1 
Qxc3 16.Rxb7 Rad8 17.Bb2 Qa5 18.Rxd7 Rxd7 19.Qe4 g6 20.Qxc6 Rc7 21.Qe4 
Qxa2 22.Re2 Rb8 23.Qe5 Rcb7 24.d5 Rxb2 25.Qxb8+ 1-0

[Event "VIII Festival A"]
[Site "Verona ITA"]
[Date "2002.01.04"]
[Round "4"]
[White "Mukic, Josko"]
[Black "Berni, Giorgio"]
[Result "1-0"]
[WhiteElo "2379"]
[BlackElo "2160"]
[PlyCount "107"]
[EventDate "2002.01.02"]

1.Nf3 Nf6 2.b3 c5 3.Bb2 e6 4.e3 b6 5.d4 Bb7 6.Bd3 Be7 7.O-O O-O 8.Nbd2 d6 
9.c4 Nbd7 10.Qe2 Re8 11.Rfd1 Qc7 12.Rac1 Rac8 13.Bb1 Qb8 14.Qd3 Qa8 15.Re1
Bf8 16.Qc2 g6 17.dxc5 dxc5 18.e4 e5 19.Bc3 Nh5 20.Qb2 f6 21.Nf1 Nf4 22.
N3d2 a6 23.Ne3 b5 24.Qc2 Ne6 25.Nd5 Bxd5 26.exd5 Nd4 27.Qd1 Bh6 28.Bd3 b4 
29.Bb2 f5 30.f3 Qb8 31.Rb1 Bf4 32.Nf1 Nf6 33.g3 Bh6 34.Be2 Bg7 35.a3 a5 
36.Ra1 e4 37.f4 h6 38.axb4 axb4 39.Ra2 g5 40.Ne3 gxf4 41.Bxd4 cxd4 42.Nxf5
d3 43.Bxd3 exd3 44.Ne7+ Kf7 45.Nxc8 Rxe1+ 46.Qxe1 Qxc8 47.Qd1 Qc5+ 48.Kg2 
Qe3 49.Rf2 fxg3 50.hxg3 Kg8 51.Rf3 Ng4 52.Qxd3 Qc5 53.d6 Ne5 54.d7 1-0

[Event "VIII Festival A"]
[Site "Verona ITA"]
[Date "2002.01.04"]
[Round "4"]
[White "Mussanti, Diego"]
[Black "Ferretti, Folco"]
[Result "1/2-1/2"]
[WhiteElo "2281"]
[BlackElo "2286"]
[PlyCount "66"]
[EventDate "2002.01.02"]

1.e4 e5 2.Nf3 Nc6 3.d4 exd4 4.Nxd4 Nge7 5.Nxc6 Nxc6 6.Bc4 Bb4+ 7.Nd2 d6 8.
O-O O-O 9.Nb3 Na5 10.Bd3 Nxb3 11.axb3 Bc5 12.Qh5 g6 13.Qh6 Bd4 14.Bg5 Bf6 
15.f4 Qe7 16.Kh1 Bxg5 17.fxg5 f5 18.Rae1 f4 19.g3 f3 20.Re3 Qe5 21.Rexf3 
Rxf3 22.Rxf3 Be6 23.Rf6 Re8 24.Qh4 d5 25.Qf4 Qxb2 26.h4 Qa1+ 27.Kh2 Qd1 
28.Qxc7 Qd2+ 29.Kh1 dxe4 30.Rxe6 Qe1+ 31.Kg2 Rf8 32.Rxe4 Rf2+ 33.Kh3 Qh1+ 
1/2-1/2

[Event "VIII Festival A"]
[Site "Verona ITA"]
[Date "2002.01.04"]
[Round "4"]
[White "Palac, Mladen"]
[Black "Ortega, Lexy"]
[Result "1-0"]
[WhiteElo "2580"]
[BlackElo "2481"]
[PlyCount "73"]
[EventDate "2002.01.02"]

1.e4 c5 2.Nf3 e6 3.d4 cxd4 4.Nxd4 a6 5.Bd3 Ne7 6.O-O Nec6 7.Nb3 Be7 8.Be3 
d6 9.N1d2 Nd7 10.f4 O-O 11.c3 e5 12.f5 Nf6 13.c4 Nb4 14.Be2 a5 15.Nc1 Bd7 
16.a3 Na6 17.Na2 a4 18.Nc3 Nc5 19.Bxc5 dxc5 20.Qc2 g6 21.Rf3 Ra6 22.Bd3 
Kh8 23.Nd5 gxf5 24.exf5 Nxd5 25.cxd5 b5 26.f6 Bxf6 27.Bxh7 e4 28.Bxe4 Bd4+
29.Kh1 Bg4 30.Rf4 Qg5 31.g3 Rh6 32.Nf3 Bxf3+ 33.Rxf3 Rg8 34.Raf1 Qh5 35.
Rxf7 Rxg3 36.Rf8+ Kg7 37.d6 1-0

[Event "VIII Festival A"]
[Site "Verona ITA"]
[Date "2002.01.04"]
[Round "4"]
[White "Piantoni, Roberto"]
[Black "Martorelli, Antonio"]
[Result "0-1"]
[WhiteElo "2174"]
[BlackElo "2262"]
[PlyCount "74"]
[EventDate "2002.01.02"]

1.d4 Nf6 2.Nf3 g6 3.Bg5 Bg7 4.Nbd2 O-O 5.c3 d6 6.e3 h6 7.Bxf6 Bxf6 8.Bd3 
Bg7 9.Qb3 d5 10.O-O c5 11.dxc5 Nc6 12.Rad1 Qa5 13.e4 dxe4 14.Nxe4 Rb8 15.
h3 Bf5 16.g4 Bc8 17.Bb5 Qc7 18.Bxc6 bxc6 19.Qc2 Qf4 20.Nd4 f5 21.Nxc6 fxe4
22.Nxe7+ Kh7 23.Nxc8 Rbxc8 24.Rfe1 Be5 25.Rd7+ Kh8 26.Rxe4 Qh2+ 27.Kf1 
Qxh3+ 28.Ke1 Qh1+ 29.Ke2 Qf3+ 30.Kf1 Qh1+ 31.Ke2 Rxf2+ 32.Kxf2 Qh2+ 33.Ke3
Qxc2 34.Rxe5 Qxb2 35.Ree7 Qxc3+ 36.Ke2 Rb8 37.Rd2 Rb2 0-1

[Event "VIII Festival A"]
[Site "Verona ITA"]
[Date "2002.01.04"]
[Round "4"]
[White "Piscopo, Pierluigi"]
[Black "Mrdja, Milan"]
[Result "0-1"]
[WhiteElo "2256"]
[BlackElo "2399"]
[PlyCount "80"]
[EventDate "2002.01.02"]

1.e4 Nf6 2.e5 Nd5 3.Nc3 e6 4.Nxd5 exd5 5.Qf3 c6 6.Qg3 d6 7.d4 dxe5 8.dxe5 
Bf5 9.Bg5 Qa5+ 10.Bd2 Qa4 11.Nf3 Qxc2 12.Be2 Nd7 13.Bc3 c5 14.Bd2 Be6 15.
O-O h6 16.Rac1 Qe4 17.Rfe1 Qg4 18.Qxg4 Bxg4 19.b4 Be6 20.bxc5 Bxc5 21.Bb5 
b6 22.Be3 Ke7 23.Bxd7 Bxe3 24.Rxe3 Kxd7 25.Rec3 Rhc8 26.Rxc8 Rxc8 27.Rxc8 
Kxc8 28.Nd4 Bd7 29.f4 g6 30.Kf2 Kd8 31.Kf3 Ke7 32.h4 f6 33.g4 fxe5 34.fxe5
b5 35.g5 hxg5 36.hxg5 a5 37.Ke3 b4 38.Nb3 a4 39.Nc5 b3 40.axb3 a3 0-1

[Event "VIII Festival A"]
[Site "Verona ITA"]
[Date "2002.01.04"]
[Round "4"]
[White "Rossi, Carlo"]
[Black "Del Monaco, Andrea"]
[Result "1-0"]
[WhiteElo "2355"]
[BlackElo "2192"]
[PlyCount "65"]
[EventDate "2002.01.02"]

1.e4 e6 2.Bb5 Qg5 3.Bf1 d5 4.Nf3 Qd8 5.e5 c5 6.b4 cxb4 7.a3 Nc6 8.axb4 
Bxb4 9.c3 Be7 10.d4 f6 11.Bd3 Nh6 12.exf6 Bxf6 13.Qc2 Nf5 14.g4 Nh4 15.
Nxh4 Bxh4 16.Bxh7 Qf6 17.Be3 Bd7 18.Bg6+ Kd8 19.Nd2 e5 20.dxe5 Nxe5 21.Bf5
Re8 22.Bxd7 Nxd7 23.O-O Bg5 24.Qd3 Bf4 25.Qxd5 Rh8 26.Nf3 Qd6 27.Qxb7 Rb8 
28.Qxa7 Rh3 29.Rfd1 Bxe3 30.fxe3 Qc7 31.Rxd7+ Kxd7 32.Ne5+ Kc8 33.Qa6+ 1-0

[Event "VIII Festival A"]
[Site "Verona ITA"]
[Date "2002.01.05"]
[Round "5"]
[White "Berni, Giorgio"]
[Black "Piantoni, Roberto"]
[Result "1/2-1/2"]
[WhiteElo "2160"]
[BlackElo "2174"]
[PlyCount "75"]
[EventDate "2002.01.02"]

1.e4 Nf6 2.e5 Nd5 3.d4 d6 4.Nf3 g6 5.Bc4 Nb6 6.Bb3 Bg7 7.Qe2 Nc6 8.O-O O-O
9.h3 dxe5 10.dxe5 Nd4 11.Nxd4 Qxd4 12.Re1 Be6 13.Bxe6 fxe6 14.Nd2 Nd5 15.
Nf3 Qb6 16.c4 Nb4 17.Be3 Qa6 18.Bc5 Nc6 19.b4 b6 20.b5 Qc8 21.bxc6 bxc5 
22.Qe3 Rb8 23.Qxc5 Rb6 24.Re2 Qa6 25.Nd4 Rfb8 26.Kh2 Qa4 27.Rc1 Bh6 28.
Rcc2 Kf7 29.a3 Rb1 30.Nxe6 Rd1 31.Nd4 Rd8 32.Nf3 Qb3 33.e6+ Kg8 34.Qe5 Rf8
35.Rb2 Qxa3 36.Qe4 Rf4 37.Qe5 Rf8 38.Qe4 1/2-1/2

[Event "VIII Festival A"]
[Site "Verona ITA"]
[Date "2002.01.05"]
[Round "5"]
[White "Del Monaco, Andrea"]
[Black "Medancic, Rikard"]
[Result "0-1"]
[WhiteElo "2192"]
[BlackElo "2260"]
[PlyCount "54"]
[EventDate "2002.01.02"]

1.e4 d5 2.exd5 Qxd5 3.Nc3 Qd6 4.d4 Nf6 5.Nf3 a6 6.Ne5 Nc6 7.Nxc6 Qxc6 8.d5
Qd6 9.Qf3 Bg4 10.Qf4 e5 11.dxe6 Qxe6+ 12.Be3 Bd6 13.Qc4 Qd7 14.Be2 O-O 15.
h3 Bxe2 16.Nxe2 Nd5 17.Bd2 Qe6 18.O-O-O b5 19.Qd3 Nb6 20.Kb1 Rad8 21.Qf3 
Rfe8 22.Nd4 Qd5 23.Qxd5 Nxd5 24.Rhe1 Bf4 25.Bc1 Bxc1 26.Nc6 Bd2 27.Rf1 Rd6
0-1